Top 10 Modern Countries by population in each century 0-2100 - Statistics

General Stats
  • This quiz has been taken 40 times
    20 since last reset
  • The average score is 214 of 220
Answer Stats
Population Country % Correct
12.5M | 129M | 15.4M | +13 others Bangladesh
100%
10.2M | 10.9M | 11.1M | +14 others Brazil
100%
1.26B | 103M | 21.9M | +19 others China
100%
12.0M | 13.0M | 18.0M | +3 others Germany
100%
1.06B | 1.51B | 101M | +19 others India
100%
16.1M | 214M | 296M | 38.2M Indonesia
100%
4.00M | 4.17M | 4.33M | +5 others Iran
100%
12.4M | 127M | 17.1M | +10 others Japan
100%
10.3M | 10.9M | 11.5M | +13 others Mexico
100%
11.1M | 13.1M | 13.6M | +11 others Pakistan
100%
10.7M | 147M | 31.3M | +2 others Russia
100%
3.50M | 3.99M | 4.49M | +5 others Spain
100%
5.01M | 5.49M | 5.50M | +7 others Turkey
100%
41.4M United Kingdom
100%
282M | 421M | 78.8M United States
100%
429M Democratic Republic of the Congo
89%
4.00M | 4.30M | 4.60M Egypt
89%
10.4M | 11.0M | 14.9M | +16 others France
89%
12.5M | 13.3M | 13.5M | +11 others Italy
89%
10.0M | 11.1M | 123M | +9 others Nigeria
89%
262M Tanzania
89%
366M Ethiopia
78%
No matching quizzes found
Score Distribution
Percent of People with Each Score
Percentile by Number Answered
Your Score History
You have not taken this quiz since the last reset